Reliez l'acteur français au film - Statistiques

Statistiques générales
  • Ce quiz a été pris 4 616 fois
  • Le résultat moyen est 11 sur 15
Statistiques - réponses
Hint Réponse % Correct
Brice de Nice Jean Dujardin
95%
Intouchable Omar Sy
94%
La Grande Vadrouille Louis de Funès
91%
Les Visiteurs Jean Reno
84%
Les Bronzés font du Ski Michel Blanc
83%
Cyrano de Bergerac Gérard Depardieu
82%
La Haine Vincent Cassel
78%
Yves Saint Laurent Pierre Niney
76%
Didier Alain Chabat
68%
Un prophète Tahar Rahim
59%
Dikkenek François Damiens
58%
Jeux d'enfants Guillaume Canet
52%
Le Guépard Alain Delon
48%
Au revoir là-haut Albert Dupontel
48%
Pierrot le Fou Jean-Paul Belmondo
43%
Aucun quiz correspondant
Distribution des résultats
% des personnes avec chaque résultat
Percentile par nombre de réponses
Votre historique - résultats
Vous n’avez pas pris ce quiz